Στοιχειώδης εισαγωγή στα χρηματοοικονομικά μαθηματικά : δικαιώματα και άλλα θέματα
Saved in:
| Main Author: | |
|---|---|
| Other Authors: | , |
| Format: | Book |
| Language: | Greek English |
| Published: |
Θεσσαλoνίκη :
Εκδόσεις Πανεπιστημίου Μακεδονίας,
2007.
|
| Subjects: | |
| Tags: |
Add Tag
No Tags, Be the first to tag this record!
|
MARC
| LEADER | 00000cam a2200000 i 4500 | ||
|---|---|---|---|
| 001 | 1/26115 | ||
| 008 | 130220s2007 gr | ||| |||| ||gre|| | ||
| 020 | |a 9789608396388 | ||
| 035 | |l 10113770 | ||
| 040 | |a GR-MyUA |b gre |e AACR2 | ||
| 041 | 1 | |a gre |h eng | |
| 082 | 0 | |a 332.60151 |2 (22) | |
| 100 | 1 | |a Ross, Sheldon M. | |
| 245 | 1 | 0 | |a Στοιχειώδης εισαγωγή στα χρηματοοικονομικά μαθηματικά : |b δικαιώματα και άλλα θέματα / |c Sheldon M. Ross ; επιστημονική επιμέλεια Αθανάσιος Γιαννακόπουλος ; μετάφραση Αστέριος Τούτιος. |
| 260 | |a Θεσσαλoνίκη : |b Εκδόσεις Πανεπιστημίου Μακεδονίας, |c 2007. | ||
| 300 | |a xvii, 265 σ. : |b σχέδια, πιν. ; |c 24 εκ. | ||
| 504 | |a Περιέχει βιβλιογραφικές αναφορές και ευρετήριο. | ||
| 650 | 0 | 0 | |a Investments |x Mathematics. |
| 650 | 0 | 0 | |a Stochastic analysis. |
| 650 | 0 | 0 | |a Securities |x Prices |x Mathematical models. |
| 650 | 0 | 0 | |a Options (Finance) |x Mathematical models. |
| 700 | 0 | |a Γιαννακόπουλος, Αθανάσιος, |e edt | |
| 700 | 0 | |a Τούτιος, Αστέριος, |e edt | |
| 765 | 0 | 8 | |i Μετάφραση του: |t An elementary introduction to mathematical finance : |
| 852 | |a INST |b CHIOS |c EUDOXUS |e 20140129 |h 332.60151 ROS |p 005200034599 |q 005200034599 |t EDX |y 0 | ||
| 852 | |a INST |b CHIOS |c EUDOXUS |e 20130312 |h 332.60151 ROS |p 005200035502 |q 005200035502 |t EDX |y 0 | ||
| 852 | |a INST |b CHIOS |c EUDOXUS |e 20210108 |h 332.60151 ROS |p 005200039867 |q 005200039867 |t EDX |y 0 | ||
| 852 | |a INST |b CHIOS |c EUDOXUS |e 20210108 |h 332.60151 ROS |p 005200039868 |q 005200039868 |t EDX |y 0 | ||
| 852 | |a INST |b SAMOS |c EUDOXUS |e 20130220 |h 332.60151 ROS |p 005300033403 |q 005300033403 |t EDX |y 0 | ||
| 852 | |a INST |b SAMOS |c EUDOXUS |e 20130220 |h 332.60151 ROS |p 005300033404 |q 005300033404 |t EDX |y 0 | ||
| 852 | |a INST |b SAMOS |c EUDOXUS |e 20131211 |h 332.60151 ROS |p 005300036159 |q 005300036159 |t EDX |y 0 | ||
| 852 | |a INST |b SAMOS |c EUDOXUS |e 20140515 |h 332.60151 ROS |p 005300036703 |q 005300036703 |t EDX |y 4 |x 20210906 | ||
| 852 | |a INST |b SAMOS |c EUDOXUS |e 20130529 |h 332.60151 ROS |p 005300039901 |q 005300039901 |t EDX |y 0 | ||
| 852 | |a INST |b SAMOS |c EUDOXUS |e 20130529 |h 332.60151 ROS |p 005300039902 |q 005300039902 |t EDX |y 0 | ||
| 852 | |a INST |b SAMOS |c EUDOXUS |e 20130529 |h 332.60151 ROS |p 005300039903 |q 005300039903 |t EDX |y 0 | ||
| 901 | |a BIBL3-2014-2 | ||
| 901 | |a BIBL3-2013-3 | ||
| 901 | |a BIBL3-2013-2 | ||
| 901 | |a BIBL2-2013-1 | ||
| 901 | |a BIBL3-2013-1 | ||
| 901 | |a BIBL2-2014-1 | ||
| 909 | |a Σ |b 184865 | ||
| 909 | |a Σ |b 184328 | ||
| 909 | |a Σ |b 178331 | ||
| 909 | |a Σ |b 178330 | ||
| 909 | |a Σ |b 178329 | ||
| 909 | |a Σ |b 172580 | ||
| 909 | |a Σ |b 172579 | ||
| 909 | |a Χ |b 175314 | ||
| 909 | |a Χ |b 180223 | ||
| 920 | |a Εύδοξος |b Επιστροφή |y Σάμος |z 2014-05 | ||
| 920 | |a Εύδοξος |b Επιστροφή |y Σάμος |z 2013-12 | ||
| 920 | |a Εύδοξος |b Παραγγελία-ΤΣΑΧΜ |y Σάμος |z 2013-05 | ||
| 920 | |a Εύδοξος |b Παραγγελία |y Σάμος-ΤΣΑΧΜ |z 2013-02 | ||
| 920 | |a Εύδοξος |b Παραγγελία |y Χίος-ΤΜΟΔ |z 2013-02 | ||
| 920 | |a Εύδοξος |b Δωρεά |y Χίος |z 2014-01 | ||
| 920 | |a Εύδοξος |b Παραγγελία |y Χίος-ΤΜΟΔ |z 2021-01 | ||
| 970 | |a Γουβάλα |b Βάσω |z 2013/02/20 | ||